Abu Bakr / (Record no. 32822)
[ view plain ]
| 000 -LEADER | |
|---|---|
| fixed length control field | 00780cam a22002651a 4500 |
| 001 - CONTROL NUMBER | |
| control field | 32822 |
| 003 - CONTROL NUMBER IDENTIFIER | |
| rucl marc code | BD-RjUL |
| 005 - DATE AND TIME OF LATEST TRANSACTION | |
| control field | 20211209051912.0 |
| 008 - FIXED-LENGTH DATA ELEMENTS--GENERAL INFORMATION | |
| fixed length control field | 140428t1968 pk b b 001 0beng d |
| 035 ## - SYSTEM CONTROL NUMBER | |
| System control number | (BD-RjUL)32912 |
| System control number | 1082138 |
| 040 ## - CATALOGING SOURCE | |
| Original cataloging agency | LC |
| Language of cataloging | eng |
| Transcribing agency | LC |
| 041 ## - LANGUAGE CODE | |
| Language code of text/sound track or separate title | eng |
| 082 04 - DEWEY DECIMAL CLASSIFICATION NUMBER | |
| Classification number | 297.648 |
| Author mark and year | MOA 1968 |
| Edition number | 23 |
| 100 1# - MAIN ENTRY--PERSONAL NAME | |
| Personal name | Mohy-ud-Din, Atta. |
| 9 (RLIN) | 99800 |
| 245 10 - TITLE STATEMENT | |
| Title | Abu Bakr / |
| Statement of responsibility, etc. | Atta mohy- UD-DIN |
| 260 ## - PUBLICATION, DISTRIBUTION, ETC. (IMPRINT) | |
| Place of publication, distribution, etc. | Lahore : |
| Name of publisher, distributor, etc. | mall, |
| Date of publication, distribution, etc. | 1968. |
| 300 ## - PHYSICAL DESCRIPTION | |
| Pagination | x, 205 p. : |
| Illustrations | ill, ; |
| Size | 23 cm. |
| 500 ## - GENERAL NOTE | |
| General note | Sequel to the Arabian Prophet Muhammad, his achievements and message. |
| 504 ## - BIBLIOGRAPHY, ETC. NOTE | |
| Bibliography, etc | Includes bibliographical reference and index. |
| 600 00 - SUBJECT ADDED ENTRY--PERSONAL NAME | |
| Personal name | Abu Bakr, |
| Titles and other words associated with a name | Caliph, |
| Dates associated with a name | -634. |
| 651 #0 - SUBJECT ADDED ENTRY--GEOGRAPHIC NAME | |
| Geographic name | Islam |
| 9 (RLIN) | 99802 |
| Form subdivision | Civilization |
| 942 ## - ADDED ENTRY ELEMENTS (KOHA) | |
| Source of classification or shelving scheme | Dewey Decimal Classification |
| Koha item type | Books |
| Lost status | Source of classification or shelving scheme | Damaged status | Not for loan | Collection code | Permanent Location | Current Location | Shelving location | Date acquired | Source of acquisition | Cost, normal purchase price | Total Checkouts | Full call number | Date last seen | Copy number | Koha item type |
|---|---|---|---|---|---|---|---|---|---|---|---|---|---|---|---|
| Dewey Decimal Classification | Non-fiction | Central Library, University of Rajshahi | Central Library, University of Rajshahi | 20/02/1963 | zeithinger | 12.00 | 297.648 MOA 1968 | 28/04/2014 | C-2 | Books | |||||
| Dewey Decimal Classification | Not For Loan | Non-fiction | Central Library, University of Rajshahi | Central Library, University of Rajshahi | Reading Room | 08/06/1955 | Pub Oriented | 5.00 | 297.648 MOA 1968 | 17/12/2016 | C-1 | Books |